01648cam a22003977a 4500003000500000005001700005008004100022010001000063011001000073035001000083040000900093090001000102100004000112245012300152260004100275300003800316502008500354590003700439590004100476590004100517590004100558590004100599590004200640650002800682650004500710650002900755650004600784901000700830905002300837942000900860949005500869949004200924999001700966952014000983952012701123CHAP20250903093237.0980320d1997 mx r 00110 spa d a75089 a76061 a85638 cCHAP aTesis10aHernández Sánchez, Oscar95463510aCongelación de frutas tropicales mango (Mangifera indica) y papaya (Carica papaya)c/por Oscar Hernández Sánchez aChapingo, Méx. :bEl autor,c1997. a88 h. :bilus. ; gráfs. ; anexo aTesis (Ing. Agroindustrial) -- UACH. Departamento de Ingeniería Agroindustrial aALEPHb10c20130110lUCH01h1422 aBATCH-UPDb10c20130110lUCH01h0425 aBATCH-UPDb10c20130110lUCH01h2319 aBATCH-UPDb10c20130410lUCH01h0100 aBATCH-UPDb10c20130914lUCH01h1611 aCONVERSIONb10c20130109lUCH01h134114aMango congelado.97046614aMangoxConservación por frío.97040314aPapaya congelada.98536614aPapayaxConservación por frío.985328 aBK aLilia Sánchez G. cFOLL bBCcTESd33724000587044eTS2fc.2h32104i85638si bBCcTESd856381eTS1h32103i85638sb c75089d75089 00102local4053708TESISaBCbBCcPA_TESISd2019-12-31fTESISl0oTesisp33724000587044r2019-12-31 00:00:00tc.2w2019-12-31yTESIS 00102local4051708TESISaBCbBCcPA_TESISd2019-12-31fTESISl0oTesisp856381r2019-12-31 00:00:00w2019-12-31yTESIS